000 00234nam a2200109Ia 4500
008 220120s9999||||xx |||||||||||||| ||und||
082 _a005.43 KOC
100 _aKochan
245 0 _aUnix
260 _bNew Delhi
300 _a255p.
_b165
999 _c136355
_d136355